Vnútorný trh Európskej únie
Gespeichert in:
| 1. Verfasser: | |
|---|---|
| Körperschaften: | , |
| Format: | Buch |
| Sprache: | Slowakisch |
| Veröffentlicht: |
Prešov
Vydavateľstvo Michala Vaška
2006
|
| Schriftenreihe: | Ekonomická edícia
|
| Schlagworte: | |
| Tags: |
Keine Tags, Fügen Sie das erste Tag hinzu!
|
MARC
| LEADER | 00000nam$a2200000$$$4500 | ||
|---|---|---|---|
| 001 | 0046627 | ||
| 005 | 20240502071534.4 | ||
| 020 | |a 80-7165-549-X | ||
| 041 | 0 | |a slo | |
| 044 | |a SK | ||
| 245 | 1 | 0 | |a Vnútorný trh Európskej únie |c Zuzana Mogyorosiová |
| 264 | 1 | |a Prešov |b Vydavateľstvo Michala Vaška |c 2006 | |
| 300 | |a 152 s. | ||
| 490 | 1 | |a Ekonomická edícia | |
| 830 | 0 | |a Ekonomická edícia | |
| 610 | 2 | 0 | |a trh vnútorný |
| 610 | 2 | 0 | |a Európska únia |
| 610 | 2 | 0 | |a pohyb tovaru |
| 610 | 2 | 0 | |a podnikanie |
| 610 | 2 | 0 | |a pohyb služieb voľný |
| 610 | 2 | 0 | |a pohyb síl pracovných medzinárodný |
| 610 | 2 | 0 | |a pohyb kapitálu |
| 100 | 1 | |a Mogyorosiová, Zuzana, 1975- | |
| 710 | 2 | |a Ekonomická univerzita v Bratislave | |
| 710 | 2 | |a Centrum pre európsku politiku | |